Idiot test - Statistics

General Stats
  • This quiz has been taken 299 times
  • The average score is 10 of 15
Answer Stats
Question Answer % Correct
How do you put a giraffe in a fridge? You open the fridge door, put the giraffe in and close the door again
83%
When Tom wants to continue on the other shore, he dies anyway. Why? The stone that fell from the plane fell on his head
81%
There are 100 stones in an airplane. One falls out. How many bricks are left in the airplane? 99
80%
How many hairs does a bald head have if a semi-bald head only has 10,000 hairs? 0
79%
Tom has to cross a wide river at night, but there is no bridge and crocodiles live in the river. How will he make it to the other bank alive? He swims across the river as normal, because the crocodiles are at the lion's party
78%
One hand has 5 fingers, two hands have 10 fingers. How many fingers do 5 hands have? 25
77%
How do you put an elephant in a fridge? You open the fridge door, take out the giraffe, put the elephant in and close the door again
74%
Which duck has two legs? Every duck
67%
Which mountain was the highest mountain before Mount Everest was discovered? Mount Everest
66%
A lion has invited all the animals to his birthday party. Which one is not coming? The elephant
65%
A carpet of water lilies floats in a lake. Its surface area doubles every day. If it takes 48 days for the carpet of water lilies to cover the entire lake, how long will it take for half of the lake to be covered? 47
48%
Sandra has four children, the first is called North, the second East and the third South. What, is the fourth child's name? What
45%
Divide 30 by 1/2 and add 10. What is the result? 70
43%
Berlin is spelled with a B at the front and at the back with B. Is that true? Yes
43%
A ball and a bat together cost 1.10 dollars. The bat is 1 dollar more expensive than the ball. How much does the bat cost? 1 dollar und 5 cents
41%
No matching quizzes found
Score Distribution
Percent of People with Each Score
Percentile by Number Answered
Your Score History
You have not taken this quiz